| 000 | 01475nam a2200385 i 4500 | ||
|---|---|---|---|
| 001 | 40678 | ||
| 003 | Mx-PuUPA | ||
| 005 | 20250623130150.0 | ||
| 008 | 140415s2011 sp gr 001 0 spa d | ||
| 017 | _aB-21.260-2011 | ||
| 020 | _a9788499800837 | ||
| 040 |
_cMx-PuUPA _aMx-PuUPA _bspa _dMx-PuUPA _erda |
||
| 041 | 0 | _aspa | |
| 245 | 1 | 0 |
_aOrientación educativa : _batención a la diversidad y educación inclusiva / _cElena Martín, Teresa Mauri, coordinadores ; Isabel Cuevas [y otros 12], autores |
| 250 | _a1a. edición | ||
| 264 | 1 |
_aBarcelona : _bEditorial Graó ; _bMinisterio de Educación, _c2011 |
|
| 300 |
_a190 páginas ; _c24 cm |
||
| 336 |
_2rdacontent _atexto _btxt |
||
| 337 |
_2rdamedia _asin medio _bn |
||
| 338 |
_2rdacarrier _avolumen _bnc |
||
| 490 | 0 | _aOrientación y tutoría | |
| 490 | 0 |
_aFromación y Desarrollo Profesional del Profesorado ; _v15 |
|
| 500 | _aReimpresiones: (2a. reimpresión, julio, 2018) | ||
| 650 | 7 |
_2armarc _aEducación inclusiva |
|
| 650 | 7 |
_2armarc _aEducación _xOrientación profesional |
|
| 650 | 7 |
_2armarc _aFormación profesional de maestros |
|
| 650 | 7 |
_2armarc _aIntegración escolar |
|
| 700 | 1 |
_aMartín, Elena, _ecoordinador |
|
| 700 | 1 |
_aMauri, Teresa, _ecoordinador |
|
| 700 | 1 |
_aCuevas, Isabel, _eautor |
|
| 942 |
_2ddc _cLI _h371.9046 _iO65 |
||
| 999 |
_c40678 _d40678 |
||